| 000 | 00383nam a22001457a 4500 | ||
|---|---|---|---|
| 008 | 240308b ||||| |||| 00| 0 eng d | ||
| 020 | _a9966855467 | ||
| 050 |
_aHV5767 _b.M83 1997 |
||
| 100 | _aMwangi, Kimani | ||
| 245 |
_aSilent death/ _cKimani Mwangi |
||
| 260 |
_aNairobi _bUzima _c1997 |
||
| 300 |
_a60 p.; _c21 cm. |
||
| 650 |
_aCigarette smokers _xMortality |
||
| 942 |
_2lcc _cBK |
||
| 999 |
_c59116 _d59116 |
||